| 000 | 01101nam a2200253Ia 4500 | ||
|---|---|---|---|
| 003 | OSt | ||
| 005 | 20220923211102.0 | ||
| 006 | a|||||r|||| 00| 0 | ||
| 007 | ta | ||
| 008 | 220922b |||||||| |||| 00| 0 hin d | ||
| 020 |
_a8179137011x (hbk) _c250 |
||
| 024 | _a245,232 | ||
| 037 |
_b367, 11/02/2011, Swaraj Prakashan _cTextual |
||
| 040 |
_aARTS _cARTS _bhin |
||
| 041 |
_2hin _ahin |
||
| 082 | _aX.1, 152P3 | ||
| 100 |
_aअमीन, समीर; राम कवींद्र सिंह, अनु. _9158027 |
||
| 245 | 0 |
_aभूमंडलीकरण के युग में पुंजीवाद _b समकालीन समाज का प्रबंधन |
|
| 246 | _aBhūhinḍalīkaraṇ ke yug mean puanjīvāda: samakālīn samāj kā prabandhana | ||
| 260 |
_aनई दिल्ली _b ग्रंथ शिल्पी _c2003 |
||
| 300 |
_a191पृ. _ccm. |
||
| 942 |
_hX.1, 152P3 _cTEXL _2CC |
||
| 999 |
_c295029 _d295029 |
||